Sri Lanka Style Tropical Design and Architecture (Record no. 3937)
[ view plain ]
| 000 -LEADER | |
|---|---|
| fixed length control field | 00308nam a2200109Ia 4500 |
| 008 - FIXED-LENGTH DATA ELEMENTS--GENERAL INFORMATION | |
| fixed length control field | 200302s9999 xx 000 0 und d |
| 100 ## - MAIN ENTRY--PERSONAL NAME | |
| Personal name | Channa Daswatte and Other |
| 245 ## - TITLE STATEMENT | |
| Title | Sri Lanka Style Tropical Design and Architecture |
| 260 ## - PUBLICATION, DISTRIBUTION, ETC. | |
| Name of publisher, distributor, etc. | Periplus Editons Ltd., Publishied |
| 260 ## - PUBLICATION, DISTRIBUTION, ETC. | |
| Date of publication, distribution, etc. | 2006 |
| 300 ## - PHYSICAL DESCRIPTION | |
| Extent | 208 P., |
| Withdrawn status | Lost status | Damaged status | Not for loan | Permanent Location | Current Location | Date acquired | Cost, normal purchase price | Total Checkouts | Full call number | Barcode | Date last seen | Date last checked out | Price effective from | Koha item type |
|---|---|---|---|---|---|---|---|---|---|---|---|---|---|---|
| BMS College of Architecture, Design and Planning | BMS College of Architecture, Design and Planning | 2020-03-03 | 2820.47 | 1 | 747.095493 | CL-UG68901 | 2023-06-08 | 2023-06-06 | 2020-03-03 | UG Books from CL |